<?xml version="1.0" encoding="UTF-8"?><?xml-stylesheet type="text/xsl" href="static/style.xsl"?><OAI-PMH xmlns="http://www.openarchives.org/OAI/2.0/" xmlns:xsi="http://www.w3.org/2001/XMLSchema-instance" xsi:schemaLocation="http://www.openarchives.org/OAI/2.0/ http://www.openarchives.org/OAI/2.0/OAI-PMH.xsd"><responseDate>2026-04-17T05:47:51Z</responseDate><request verb="GetRecord" identifier="oai:www.recercat.cat:11351/12090" metadataPrefix="marc">https://recercat.cat/oai/request</request><GetRecord><record><header><identifier>oai:recercat.cat:11351/12090</identifier><datestamp>2025-10-24T10:33:18Z</datestamp><setSpec>com_2072_378070</setSpec><setSpec>com_2072_378040</setSpec><setSpec>col_2072_378092</setSpec></header><metadata><record xmlns="http://www.loc.gov/MARC21/slim" xmlns:dcterms="http://purl.org/dc/terms/" xmlns:xsi="http://www.w3.org/2001/XMLSchema-instance" xmlns:doc="http://www.lyncode.com/xoai" xsi:schemaLocation="http://www.loc.gov/MARC21/slim http://www.loc.gov/standards/marcxml/schema/MARC21slim.xsd">
   <leader>00925njm 22002777a 4500</leader>
   <datafield ind2=" " ind1=" " tag="042">
      <subfield code="a">dc</subfield>
   </datafield>
   <datafield ind2=" " ind1=" " tag="720">
      <subfield code="a">Vives, Nuria</subfield>
      <subfield code="e">author</subfield>
   </datafield>
   <datafield ind2=" " ind1=" " tag="720">
      <subfield code="a">Travier, Noemie</subfield>
      <subfield code="e">author</subfield>
   </datafield>
   <datafield ind2=" " ind1=" " tag="720">
      <subfield code="a">Farre, Albert</subfield>
      <subfield code="e">author</subfield>
   </datafield>
   <datafield ind2=" " ind1=" " tag="720">
      <subfield code="a">Binefa, Gemma</subfield>
      <subfield code="e">author</subfield>
   </datafield>
   <datafield ind2=" " ind1=" " tag="720">
      <subfield code="a">Vidal, Carmen</subfield>
      <subfield code="e">author</subfield>
   </datafield>
   <datafield ind2=" " ind1=" " tag="720">
      <subfield code="a">Pérez Lacasta, María José</subfield>
      <subfield code="e">author</subfield>
   </datafield>
   <datafield ind2=" " ind1=" " tag="720">
      <subfield code="a">Niño de Guzmán, Ena Pery</subfield>
      <subfield code="e">author</subfield>
   </datafield>
   <datafield ind2=" " ind1=" " tag="260">
      <subfield code="c">2024-10-21T09:01:44Z</subfield>
   </datafield>
   <datafield ind2=" " ind1=" " tag="260">
      <subfield code="c">2024-10-21T09:01:44Z</subfield>
   </datafield>
   <datafield ind2=" " ind1=" " tag="260">
      <subfield code="c">2024-07-31</subfield>
   </datafield>
   <datafield ind2=" " ind1=" " tag="520">
      <subfield code="a">Colorectal cancer screening; mHealth; Text message</subfield>
   </datafield>
   <datafield ind2=" " ind1=" " tag="520">
      <subfield code="a">Cribratge del càncer colorectal; mHealth; Missatge de text</subfield>
   </datafield>
   <datafield ind2=" " ind1=" " tag="520">
      <subfield code="a">Cribado de cáncer colorrectal; mHealth; Mensaje de texto</subfield>
   </datafield>
   <datafield ind2=" " ind1=" " tag="520">
      <subfield code="a">Background:&#xd;
Mobile phone–based SMS text message reminders have the potential to improve colorectal cancer screening participation rates.&#xd;
Objective:&#xd;
This study assessed the effectiveness and acceptability of adding targeted SMS text message reminders to the standard procedure for those who picked up but did not return their screening kit at the pharmacy within 14 days in a colorectal cancer screening program in Catalonia, Spain.&#xd;
Methods:&#xd;
We performed a randomized control trial among individuals who picked up a fecal immunochemical test (FIT) kit for colorectal cancer screening at the pharmacy but did not return it within 14 days. The intervention group (n=4563) received an SMS text message reminder on the 14th day of kit pick up and the control group (n=4806) received no reminder. A 30-day reminder letter was sent to both groups if necessary. The main primary outcome was the FIT completion rate within 30, 60, and 126 days from FIT kit pick up (intention-to-treat analysis). A telephone survey assessed the acceptability and appropriateness of the intervention. The cost-effectiveness of adding an SMS text message reminder to FIT completion was also performed.&#xd;
Results:&#xd;
The intervention group had higher FIT completion rates than the control group at 30 (64.2% vs 53.7%; P&lt;.001), 60 (78.6% vs 72.0%; P&lt;.001), and 126 (82.6% vs 77.7%; P&lt;.001) days. Participation rates were higher in the intervention arm independent of sex, age, socioeconomic level, and previous screening behavior. A total of 339 (89.2%) interviewees considered it important and useful to receive SMS text message reminders for FIT completion and 355 (93.4%) preferred SMS text messages to postal letters. We observed a reduction of US $2.4 per participant gained in the intervention arm for invitation costs compared to the control arm.&#xd;
Conclusions:&#xd;
Adding an SMS text message reminder to the standard procedure significantly increased FIT kit return rates and was a cost-effective strategy. SMS text messages also proved to be an acceptable and appropriate communication channel for cancer screening programs.</subfield>
   </datafield>
   <datafield ind2=" " ind1=" " tag="520">
      <subfield code="a">This work was partially funded by the Instituto de Salud Carlos III (ISCIII )-Subdirección General de Evaluación and by FEDER funds/European Regional Development Fund (ERDF)—a way to build Europe (PI19/00226). We thank the the Research Centres of Catalonia (CERCA) Programme / Generalitat de Catalunya.</subfield>
   </datafield>
   <datafield ind1="8" ind2=" " tag="024">
      <subfield code="a">http://hdl.handle.net/11351/12090</subfield>
   </datafield>
   <datafield tag="653" ind2=" " ind1=" ">
      <subfield code="a">Recte - Càncer - Diagnòstic</subfield>
   </datafield>
   <datafield tag="653" ind2=" " ind1=" ">
      <subfield code="a">Còlon - Càncer - Diagnòstic</subfield>
   </datafield>
   <datafield tag="653" ind2=" " ind1=" ">
      <subfield code="a">Servei de missatges curts</subfield>
   </datafield>
   <datafield tag="653" ind2=" " ind1=" ">
      <subfield code="a">Pacients - Cooperació</subfield>
   </datafield>
   <datafield tag="653" ind2=" " ind1=" ">
      <subfield code="a">DISEASES::Neoplasms::Neoplasms by Site::Digestive System Neoplasms::Gastrointestinal Neoplasms::Intestinal Neoplasms::Colorectal Neoplasms</subfield>
   </datafield>
   <datafield tag="653" ind2=" " ind1=" ">
      <subfield code="a">Other subheadings::Other subheadings::/diagnosis</subfield>
   </datafield>
   <datafield tag="653" ind2=" " ind1=" ">
      <subfield code="a">INFORMATION SCIENCE::Information Science::Information Science::Informatics::Medical Informatics::Medical Informatics Applications::Information Systems::Reminder Systems</subfield>
   </datafield>
   <datafield tag="653" ind2=" " ind1=" ">
      <subfield code="a">INFORMATION SCIENCE::Information Science::Communications Media::Telecommunications::Telephone::Cell Phone::Text Messaging</subfield>
   </datafield>
   <datafield tag="653" ind2=" " ind1=" ">
      <subfield code="a">HEALTH CARE::Health Care Quality, Access, and Evaluation::Delivery of Health Care::Attitude to Health::Treatment Adherence and Compliance::Patient Acceptance of Health Care</subfield>
   </datafield>
   <datafield tag="653" ind2=" " ind1=" ">
      <subfield code="a">ENFERMEDADES::neoplasias::neoplasias por localización::neoplasias del sistema digestivo::neoplasias gastrointestinales::neoplasias intestinales::neoplasias colorrectales</subfield>
   </datafield>
   <datafield tag="653" ind2=" " ind1=" ">
      <subfield code="a">Otros calificadores::Otros calificadores::/diagnóstico</subfield>
   </datafield>
   <datafield tag="653" ind2=" " ind1=" ">
      <subfield code="a">CIENCIA DE LA INFORMACIÓN::Ciencias de la información::Ciencias de la información::informática::informática médica::aplicaciones de la informática médica::sistemas de información::sistemas recordatorios</subfield>
   </datafield>
   <datafield tag="653" ind2=" " ind1=" ">
      <subfield code="a">CIENCIA DE LA INFORMACIÓN::Ciencias de la información::medios de comunicación::telecomunicaciones::teléfono::teléfono móvil::mensajes de texto</subfield>
   </datafield>
   <datafield tag="653" ind2=" " ind1=" ">
      <subfield code="a">ATENCIÓN DE SALUD::calidad, acceso y evaluación de la atención sanitaria::prestación sanitaria::actitud ante la salud::cumplimiento y adherencia al tratamiento::aceptación de la asistencia sanitaria por parte del paciente</subfield>
   </datafield>
   <datafield ind2="0" ind1="0" tag="245">
      <subfield code="a">Effectiveness and Acceptability of Targeted Text Message Reminders in Colorectal Cancer Screening: Randomized Controlled Trial (M-TICS Study)</subfield>
   </datafield>
</record></metadata></record></GetRecord></OAI-PMH>